Norma Chilena Oficial NCh 2548. Of2001

Saved in:
Bibliografiske detaljer
Corporate Authors: Instituto Nacional de Normalización (Author), INN (Author)
Format: Bog
Sprog:spansk
Udgivet: Santiago INN 2001
Udgivelse:1a. ed
Fag:
Tags: Tilføj Tag
Ingen Tags, Vær først til at tagge denne postø!

MARC

LEADER 00000nam a2200000 a 4500
001 UCK8875
003 CL-VaPUC
008 060407e20010000CL |||||||||||||||||spa|d
082 0 4 |a 621.313  |b INS  |2 21 
110 2 |a Instituto Nacional de Normalización  |e author  |9 498603 
710 2 |a INN  |e author  |9 498604 
245 1 0 |a Norma Chilena Oficial NCh 2548. Of2001 
246 1 0 |a Eficiencia energética. Motores eléctricos de corriente alterna, monofásicos 
250 |a 1a. ed 
300 |a 6 p 
942 |c BK 
945 |d 20060407 00:00:00  |a cmena 
260 |a Santiago  |b INN  |c 2001 
650 0 |a Motores eléctricos   |9 260085 
650 7 |a MOTORES DE CORRIENTE ALTERNA  |2 CL-VaPUC  |9 361984 
650 7 |a RENDIMIENTO  |2 CL-VaPUC  |9 260872 
583 |a last modification  |c 20060407 00:00:00  |k Rodrigo Vera 
999 |c 316277  |d 316275 
952 |0 0  |1 0  |4 0  |6 621_313000000000000_INS_2001  |7 0  |8 X  |9 390510  |a BIBING  |b BIBING  |d 2019-11-22  |i 4162498  |o 621.313 INS 2001  |p 4162498  |r 2025-01-20  |w 2019-11-22  |y BK_X  |k EIE